Government regulation failing business and UK competitiveness (Record no. 106791)

MARC details
000 -LEADER
fixed length control field 00958cam a22001935a 4500
001 - CONTROL NUMBER
control field L137464
008 - FIXED-LENGTH DATA ELEMENTS--GENERAL INFORMATION
fixed length control field 070410s2007 xxk f 000 0 eng d
035 ## - SYSTEM CONTROL NUMBER
System control number (Sirsi) u137464
041 0# - LANGUAGE CODE
Language code of text/sound track or separate title eng
110 2# - MAIN ENTRY--CORPORATE NAME
Corporate name or jurisdiction name as entry element British Chambers of Commerce
9 (RLIN) 3684
245 00 - TITLE STATEMENT
Title Government regulation failing business and UK competitiveness
Medium [electronic resource]
260 ## - PUBLICATION, DISTRIBUTION, ETC.
Date of publication, distribution, etc. 2007
520 ## - SUMMARY, ETC.
Summary, etc. Discusses the shortcomings of the Regulatory Impact Assessment system. Argues that by not effectively challenging new EU or UK regulations, the Government is placing business and UK small to medium-sized enterprises at a competitive disadvantage. Concludes that the government is failing to think small first at the UK and EU levels.
590 ## - LOCAL NOTE (RLIN)
Local note KA
651 #4 - SUBJECT ADDED ENTRY--GEOGRAPHIC NAME
Geographic name England and Wales
Chronological subdivision 1543-
690 ## - LOCAL SUBJECT ADDED ENTRY--TOPICAL TERM (OCLC, RLIN)
Topical term or geographic name as entry element MANAGEMENT-BUSINESS MANAGEMENT
856 40 - ELECTRONIC LOCATION AND ACCESS
Uniform Resource Identifier <a href="https://www.chamberonline.co.uk/YfHO0ONoarMi4g.html">https://www.chamberonline.co.uk/YfHO0ONoarMi4g.html</a>
Public note View the item free of charge at www.chamberonline.co.uk...
942 ## - ADDED ENTRY ELEMENTS (KOHA)
Suppress in OPAC 0
Holdings
Withdrawn status Lost status Source of classification or shelving scheme Damaged status Not for loan Home library Current library Shelving location Date acquired Total Checkouts Full call number Barcode Date last seen Copy number Price effective from Koha item type
    Dewey Decimal Classification     Virtual Virtual Online 10/04/2007   ONLINE PUBLICATION 137464-2001 06/08/2019 1 06/08/2019 Book